Statistics for Super Smash Bros Melee Characters

Click here to take the quiz!

General Stats

  • This quiz has been taken 233 times
  • The average score is 23 of 25

Answer Stats

Answer % Correct
Luigi
100%
Mario
100%
Zelda
98%
Falco
97%
Peach
97%
Fox
96%
Pikachu
96%
Jigglypuff
95%
Link
94%
Ganondorf
93%
Marth
93%
Bowser
93%
Captain Falcon
92%
Pichu
92%
Kirby
92%
Roy
92%
Mewtwo
88%
Yoshi
88%
Dr. Mario
86%
Donkey Kong
86%
Young Link
84%
Samus
84%
Ness
82%
Ice Climbers
81%
Mr Game & Watch
80%

Score Distribution

Percentile by Number Answered

Percent of People with Each Score

Your Score History

You have not taken this quiz